00763 2200277 4500001002100000005001500021035002000036007000300056040001700059100002400076245006400100250001200164300003000176020001800206041000800224090002300232264003900255336002100294337003000315338002300345650002200368850001000390008004100400990002200441990002200463INLIS00000000000883920260518082142 a0010-1022000214ta aSBPUPADbind0 aEmdeman;ePengarang1 aCipto Mangunkusumo Pahlawan Pergerakan Nasional /cEmdeman; a.-cet.6 a219 hlm. :bilus. ;c21cm a969-407-324-5 aind a920 EMD c L 25 R 6 a.--Jakarta :bBalai Pustaka,c2002 2rdacontentateks 2rdamediaatanpa perantara 2rdacarrieravolume 4aSejarah Pahlawan; aPUPAD260518 0  a2836/H/ARPUS/2007 a2855/H/ARPUS/2007